Score 0/20 Timer 03:00
0 Plays Today
Hint Missing Word % Correct
Emma StoneFriends
93.8%
Emma ThompsonNothing
92.7%
Emma RobertsDay
92.4%
Emma ThompsonSensibility
90.5%
Emma ThompsonNanny
89.4%
Emma WatsonGoblet
88.1%
Emma StoneAmazing
85.2%
Emma ThompsonOrder
85.1%
Emma StoneCrazy
84.7%
Emma RobertsDrew
74.5%
Hint Missing Word % Correct
Emma WatsonPerks
71.2%
Emma WatsonEnd
70.2%
Emma StoneEasy
66.8%
Emma WatsonWeek
59.9%
Emma WatsonRing
51.8%
Emma ThompsonHowards
45.9%
Emma RobertsHotel
43.3%
Emma StoneSquad
35.3%
Emma RobertsFunny
34%
Emma RobertsScream
13.1%

Today's Daily Dose

Remove Ads.
Support Sporcle.
Get the best of Sporcle when you Go Orange. This ad-free experience offers more features, more stats, and more fun while also helping to support Sporcle. Thank you for becoming a member.

You're not logged in!

Compare scores with friends on all Sporcle quizzes.
OR
Log In

Show Comments

Extras

Top Quizzes Today


Score Distribution

Your Account Isn't Verified!

In order to create a playlist on Sporcle, you need to verify the email address you used during registration. Go to your Sporcle Settings to finish the process.

Report this User

Report this user for behavior that violates our Community Guidelines.

Details: